Wuthering Heights

Bibliografiske detaljer
Hovedforfatter: Бронте Э. Эмили
Andre forfattere: Cornish F. H. (составитель)
Summary:A passionate story of the love between Catherine Earnshaw and Heathcliff, a foundling adopted by Catherine`s father. The story`s action is chaotic and violent, but the accomplished handling of a complex structure, the descriptions of the moorland setting and the poetic grandeur combined to make this novel a masterpiece of English literature.
Sprog:engelsk
Udgivet: Oxford, Macmillan Classics, 2002
Serier:Macmillan Guided Readers
Intermediate Level
Reader Marathon 10
Fag:
Format: Bog
KOHA link:https://koha.lib.tpu.ru/cgi-bin/koha/opac-detail.pl?biblionumber=214234

MARC

LEADER 00000nam0a2200000 4500
001 214234
005 20231101225854.0
010 |a 0435272535 
035 |a (RuTPU)RU\TPU\book\234095 
035 |a RU\TPU\book\11520 
090 |a 214234 
100 |a 20120420d2002 m y0engy50 ba 
101 0 |a eng 
102 |a GB 
105 |a a z 001ay 
200 1 |a Wuthering Heights  |f E. Bronte  |g retold by F. H. Cornish 
210 |a Oxford  |c Macmillan Classics  |d 2002 
215 |a 95 p.  |c il. 
225 1 |a Macmillan Guided Readers 
225 1 |a Intermediate Level 
225 1 |a Reader Marathon  |v 10 
320 |a Glossary: p. 91-94. 
330 |a A passionate story of the love between Catherine Earnshaw and Heathcliff, a foundling adopted by Catherine`s father. The story`s action is chaotic and violent, but the accomplished handling of a complex structure, the descriptions of the moorland setting and the poetic grandeur combined to make this novel a masterpiece of English literature. 
606 1 |a Английский язык  |x Учебные руководства и пособия  |x Хрестоматии, книги для чтения  |2 stltpush  |3 (RuTPU)RU\TPU\subj\29075  |9 52487 
610 1 |a английская литература 
610 1 |a романы 
610 1 |a любовь 
610 1 |a проза 
686 |a Ш143.21-923.8  |v LBC/SL-A  |2 rubbk 
700 1 |a Бронте  |b Э.  |c английская писательница  |f 1918-1948  |g Эмили  |2 stltpush  |3 (RuTPU)RU\TPU\pers\9150  |9 1787 
702 1 |a Cornish  |b F. H.  |4 220 
801 0 |a RU  |b 63413507  |c 20011209  |g PSBO 
801 2 |a RU  |b 63413507  |c 20180730  |g PSBO 
942 |c BK